| 000 | 00513nam a2200217Ia 4500 | ||
|---|---|---|---|
| 008 | 210210b1877 xxu||||| |||| 00| 0 eng d | ||
| 041 | _aeng | ||
| 082 | _a270/47 | ||
| 100 | _aNOETHEN (Theodore) | ||
| 245 | _aCompendium of the history of the catholic church | ||
| 260 |
_aBaltimore _bNot Mentioned _c1877 |
||
| 300 | _axii,611 | ||
| 650 | _athe | ||
| 650 | _aof | ||
| 650 | _ahistory | ||
| 650 | _aCompendium | ||
| 650 | _achurch | ||
| 650 | _acatholic | ||
| 690 | _aChristianity | ||
| 906 | _a001473 | ||
| 999 |
_c116600 _d116600 |
||